वैयाकरणसिद्धान्तकौमुदी उत्तरार्ध भ्वादिगण (Record no. 1013576)

MARC details
000 -LEADER
fixed length control field 00932nam a2200205Ia 4500
003 - CONTROL NUMBER IDENTIFIER
control field OSt
005 - DATE AND TIME OF LATEST TRANSACTION
control field 20251216104949.0
008 - FIXED-LENGTH DATA ELEMENTS--GENERAL INFORMATION
fixed length control field 221004b |||||||| |||| 00| 0 hin d
037 ## - SOURCE OF ACQUISITION
Terms of availability TB
040 ## - CATALOGING SOURCE
Original cataloging agency CRL
Transcribing agency CRL
Language of cataloging hin
041 ## - LANGUAGE CODE
Source of code hin
Language code of text/sound track or separate title hin
084 ## - COLON CLASSIFICATION NUMBER
Classification number P15,Cx1,1,6 152L9
Assigning agency CL
100 ## - MAIN ENTRY--PERSONAL NAME
Personal name शास्त्री, शिवनारायण
9 (RLIN) 856866
245 #0 - TITLE STATEMENT
Title वैयाकरणसिद्धान्तकौमुदी उत्तरार्ध भ्वादिगण
246 ## - VARYING FORM OF TITLE
Title proper/short title Vaiyākaraṇasiddhāntakaumudī uttarārdha bhvādigaṇa
260 ## - PUBLICATION, DISTRIBUTION, ETC.
Place of publication, distribution, etc. दिल्ली:
Name of publisher, distributor, etc. विश्वविद्यालय हिंदी माध्यम कार्यान्वय निदेशालय भारत,
Date of publication, distribution, etc. 1979.
300 ## - PHYSICAL DESCRIPTION
Extent 775पृ0
Dimensions cm.
942 ## - ADDED ENTRY ELEMENTS (KOHA)
Classification part P15,Cx1,1,6:g 152L9
Koha item type Textbook
Source of classification or shelving scheme Colon Classification (CC)
Suppress in OPAC No
Holdings
Withdrawn status Lost status Source of classification or shelving scheme Damaged status Not for loan Home library Current library Date acquired Total Checkouts Full call number Barcode Date last seen Price effective from Koha item type
    Colon Classification (CC)     Central Library Central Library 2022-10-05   P15,Cx1,1,6:g 152L9 CL1513027 2022-10-05 2022-10-05 Textbook
Copyright @ Delhi University Library System